000 00409cam a2200169ua 4500
003 OSt
008 250415b |||||||| |||| 00| 0 eng d
020 _a0 7121 1957 4
041 _aeng
082 _a624.15136
_bSMI/SO
100 _aSmith, M J .
_97417
245 _aSoil mechanics /
250 _a3 /
260 _aLondon :
_bEnglish Language Book Society ,
_c1978.
300 _a132 ; .
942 _cBK
999 _c5566
_d5566